000 nam a22 7a 4500
999 _c25002
_d25002
008 170130b xxu||||| |||| 00| 0 eng d
020 _a9780470403068
050 _aQA 135.5 .R49 2009
100 _aReys, Robert.
_d2009
245 _aHelping children learn mathematics/
_cRobert Reys, Mary M. Lindquist, Diana V. Lambdin, Nancy L. Smith.
250 _a9th ed.
260 _aUSA:
_bJohn wiley & sons,
_c2009.
300 _axiv, 443, [28]p.:
_bill.;
_c28cm.
521 _aIncludes bibliographical references and index.
650 _aMathematics:
_xStudy and teaching (elementary)/
650 _aMathematics:
_xStudy and teaching (primary)/
700 _aLindquist, Mary M.
700 _aSmith, Nancy L.
700 _aLambdin, Diana V.
942 _2lcc
_cBOOKS
_hQA 135.5 .R49 2009